Uma abordagem deterministica da interação de doenças (Record no. 130052)

MARC details
000 -LÍDER
campo de controle de tamanho fixo 00584 a2200181 4500
001 - NÚMERO DE CONTROLE
campo de controle 130052
022 ## - ISBN - INTERNATIONAL STANDARD BOOK NUMBER
ISSN - International Standard Serial Number 1679-656X
040 ## - FONTE DA CATALOGAÇÃO
Instituição que transcreveu o registro Leonardo Da Vinci
041 ## - CÓDIGO DE IDIOMA
Código do idioma do texto/trilha sonora ou título diferente Português
082 ## - CDD - CLASSIFICAÇÃO DECIMAL DE DEWEY
Número de Classificação ADI 2010
Número do exemplar 2010
245 ## - TÍTULO
Título Uma abordagem deterministica da interação de doenças
260 ## - PUBLICAÇÃO, DISTRIBUIÇÃO, ETC.
Nome do editor, distribuidor, etc. IMECC/Unicamp
Data da publicação, distribuição, etc. Abr. 1996
Local de publicação, distribuição, etc. São Paulo
300 ## - DESCRIÇÃO FÍSICA
Extensão 169
362 ## - DATAS DE PUBLICAÇÃO E/OU DESIGNAÇÃO SEQUENCIAL
Datas de publicação e/ou designação sequencial 20100326
490 ## - TÍTULO DA SÉRIE
Título da série Uma abordagem deterministica da interação de doenças
-- Aids e TB num presídio
697 ## - ENTRADA DE ASSUNTO LOCAL--ENTIDADE COLETIVA (RLIN)
Nome corporativo ou nome da jurisdição Histórico
-- Introdução
-- O modelo
-- Estabilidade
-- Referências bibliográficas
-- Ghemat
942 ## - ELEMENTOS DE ENTRADA ADICIONADOS (KOHA)
Tipo de material Koha Recursos contínuos
Holdings
Situação do descarte Situação das perdas Situação física Não pode ser emprestado Biblioteca de origem Biblioteca atual Data de aquisição Total de empréstimos Número de chamada completo Código de barras Data de último acesso Data do preço efetivo Tipo de material Koha
        Leonardo Da Vinci - Osasco Leonardo Da Vinci - Osasco 27/03/2024   ADI 2010 O00650 27/03/2024 27/03/2024 Recursos contínuos